000 01017nam a22002777a 4500
001 BD-DhSAU
003 BD-DhSAU
005 20250303113857.0
008 150420b2005 bg ||||| m||| 00| 0 eng d
040 _aBD-DhSAU
082 _222
_a595.7
_bSo843
100 _aPAUL, SOURAV
_eRegistration No. # 16-07338
245 _aEco-friendly management of brinjal shoot and fruit borer using some selected botanicals /
_bMS thesis
260 _aSher-e-Bangla Agricultural University:
_bDepartment of Entomology,
_c2023.
300 _axiii, 79p. ;
_c30 cm.
500 _aMS thesis of Department of Entomology , Faculty of Agriculture , Sher-e-Bangla Agricultural University, Dhaka, Bangladesh
504 _aIncludes bibliographical reference.
590 _aNazmul
650 _aeco-friendly management
651 _abrinjal shoot
654 _afruit borer
700 _aAssoc. Prof. Ruhul Amin
_eSuperviser
700 _aProf. Dr. Tahmina Akter
_eCo-superviser
942 _2ddc
_cTHESIS
999 _c17889
_d17888